The Simple Rules of Risk; Revisiting the art of Financial Risk Management (Record no. 345228)
[ view plain ]
| 000 -LEADER | |
|---|---|
| fixed length control field | 00411 a2200145 4500 |
| 020 ## - INTERNATIONAL STANDARD BOOK NUMBER | |
| International Standard Book Number | 0470847743 |
| 024 ## - OTHER STANDARD IDENTIFIER | |
| Standard number or code | 9780470847749 |
| 082 ## - DEWEY DECIMAL CLASSIFICATION NUMBER | |
| Classification number | 658.155 |
| 090 ## - LOCALLY ASSIGNED LC-TYPE CALL NUMBER (OCLC); LOCAL CALL NUMBER (RLIN) | |
| -- | 2737 |
| -- | 2737 |
| 100 ## - MAIN ENTRY--PERSONAL NAME | |
| Personal name | Banks, Erik. |
| 245 ## - TITLE STATEMENT | |
| Title | The Simple Rules of Risk; Revisiting the art of Financial Risk Management |
| Statement of responsibility, etc. | Erik Banks |
| 260 ## - PUBLICATION, DISTRIBUTION, ETC. | |
| Place of publication, distribution, etc. | New York |
| Name of publisher, distributor, etc. | John Wiley and Sons LTD. |
| Date of publication, distribution, etc. | 2002 |
| 300 ## - PHYSICAL DESCRIPTION | |
| Extent | 138 |
| 942 ## - ADDED ENTRY ELEMENTS (KOHA) | |
| Institution code [OBSOLETE] | NBS |
| Koha item type | Book |
| Call number prefix | 658.155 BAN |
| Withdrawn status | Lost status | Damaged status | Not for loan | Permanent Location | Current Location | Date acquired | Total Checkouts | Full call number | Barcode | Date last seen | Price effective from | Koha item type | Date last checked out |
|---|---|---|---|---|---|---|---|---|---|---|---|---|---|
| Central Library (CL) | Central Library (CL) | 08/28/2013 | 658.155 BAN | NBS6328 | 08/28/2013 | 08/28/2013 | Book | ||||||
| Central Library (CL) | Central Library (CL) | 08/28/2013 | 1 | 658.155 BAN | NBS6708 | 03/25/2015 | 08/28/2013 | Book | 03/25/2015 |
